000 01629nam a2200385 c 4500
003 BLK
005 20231017005212.0
008 180408b bul|||||r ||||||| ||bul||
010 _aKNG00083300000
020 _a954-607-711-9
_bиздат.: ЛИК
040 _aBLK
041 _aBUL
_cBUL
080 _aИсторически периоди в развитието на езика
_b81`0
_x
_z81`0
080 _a?Исторически периоди в развитието на отделните езици
_b81-112
_x
_z81-112
100 1 _aОландер, Морис
_eпърви автор
_9104595
700 _aКаприев, Георги Теологов
_d1960-
_9363790
700 1 _aЖелева, Александра
_eпрев. от фр.
_9286019
139 _aОландер, Морис
_bО 48
245 1 0 _aАрхеология на езиците
_bСборник
_cМорис Оландер; състав. Георги Теологов Каприев; прев. от фр. Александра Желева.
257 _aFRA
260 София
_bЛИК
_c2006
300 _a228 с.
_c20 см
380 _a80
500 _aОриг. загл. Archeologie des langues / Maurice Olender - Библиогр. с. 227
650 4 _aЕзикознание - история
_9264385
650 4 _aЕзикознание
_9154355
653 _aезици
653 _aистория
852 _aЦб 239722
856 4 _qpdf
_u
856 4 _qpdf
_u
942 _cKNG
_n0
_01
944 _aCR
_c17.04.2008
_k
_lCRON CRON
944 _aED
_c31.10.2008
_k
999 _c78833
_d78833